| 000 | 00738nam a2200193 a 4500 | ||
|---|---|---|---|
| 008 | 060316s1996 ||||||||||||||||| || u | ||
| 050 | _aIBRD(06)DD/1996/17 | ||
| 100 | _aYoung, Mary Eming | ||
| 245 | 1 | 0 | _aEarly childhood development: investing in the future |
| 260 |
_aWashington, D. C.: _bWorld Bank _c1996 |
||
| 300 | _aviii, 102p. : ill. | ||
| 350 | _a0.00 | ||
| 490 | _aDirections in development | ||
| 650 | 0 | _aEARLY CHILDHOOD EDUCATION | |
| 650 | _aECONOMIC DEVELOPMENT--EFFECT OF EDUCATION ON | ||
| 650 | _aCHILD DEVELOPMENT--AFRICA | ||
| 710 | _aWorld Bank | ||
| 995 |
_D0.00 _FCBU-MAIN LIBRARY (Kitwe) _H1 _I0.00 _M1 _UAVAILABLE _WOct 15, 2007 _ZInternational Publications |
||
| 999 |
_c40600 _d40600 |
||